00762nam a2200205 a 450000100100000000500170001000800410002702000160006804000250008410000350010924500840014426000530022830000200028149000430030150400310034483000500037504900090042595201050043499900170053900002790220200930031204.0110405s2001 dr 000 0 spa d a99934240702 aDO-SdBNPbspacBNPHU1 aRondón, Pura Emeterio93079913aEl derecho a la identidad y su expresión literaria /cPura Emiterio Rondón. aSanto Domingo :bCentro Cultural Proveda,c2001. a58 p. ;c28 cm.1 aCuaderno de Sociedad y Educaciónv15 aBibliografía : p. 55 -58 0aCuaderno de Sociedad y Educaciónn15954972 aBNPD 0010718PDaPDbPDcCTd2011-04-05iLF1l0o p27902-10r2020-06-25w2020-06-25yLFPDZNo se presta c27394d27394